Vice & virtue in everyday life : (Record no. 6100)

MARC details
000 -LEADER
fixed length control field 01105cam a2200325 a 4500
001 - CONTROL NUMBER
control field 13195924
003 - CONTROL NUMBER IDENTIFIER
control field mut
005 - DATE AND TIME OF LATEST TRANSACTION
control field 20240606081009.0
008 - FIXED-LENGTH DATA ELEMENTS--GENERAL INFORMATION
fixed length control field 030513s2004 at b 000 0 eng
010 ## - LIBRARY OF CONGRESS CONTROL NUMBER
LC control number 2003106853
020 ## - INTERNATIONAL STANDARD BOOK NUMBER
International Standard Book Number 0534605346 (student ed.)
020 ## - INTERNATIONAL STANDARD BOOK NUMBER
International Standard Book Number 0534605370 (instructor's ed.)
035 ## - SYSTEM CONTROL NUMBER
System control number (DLC) 2003106853
040 ## - CATALOGING SOURCE
Original cataloging agency DLC
Transcribing agency DLC
Modifying agency DLC
050 00 - LIBRARY OF CONGRESS CALL NUMBER
Classification number BJ1012
Item number .V45 2004
082 00 - DEWEY DECIMAL CLASSIFICATION NUMBER
Classification number 170
Edition information 22
245 00 - TITLE STATEMENT
Title Vice & virtue in everyday life :
Remainder of title introductory readings in ethics /
246 3# - VARYING FORM OF TITLE
Title proper/short title Vice and virtue in everyday life
250 ## - EDITION STATEMENT
Edition statement 6th ed.
260 ## - PUBLICATION, DISTRIBUTION, ETC.
Place of publication, distribution, etc. Australia ; Belmont, CA :
Name of publisher, distributor, etc. Wadsworth/Thomson,
Date of publication, distribution, etc. c2004.
300 ## - PHYSICAL DESCRIPTION
Extent xiii, 668 p. ;
Dimensions 24 cm.
504 ## - BIBLIOGRAPHY, ETC. NOTE
Bibliography, etc. note Includes bibliographical references.
650 #0 - SUBJECT ADDED ENTRY--TOPICAL TERM
Topical term or geographic name entry element Ethics.
650 #0 - SUBJECT ADDED ENTRY--TOPICAL TERM
Topical term or geographic name entry element Social ethics.
700 1# - ADDED ENTRY--PERSONAL NAME
Personal name Sommers, Christina Hoff.
700 1# - ADDED ENTRY--PERSONAL NAME
Personal name Sommers, Frederic Tamler,
Dates associated with a name 1923-
906 ## - LOCAL DATA ELEMENT F, LDF (RLIN)
a 7
b cbc
c orignew
d 3
e epcn
f 20
g y-gencatlg
942 ## - ADDED ENTRY ELEMENTS (KOHA)
Source of classification or shelving scheme Library of Congress Classification
Koha item type Books
Holdings
Withdrawn status Lost status Source of classification or shelving scheme Damaged status Not for loan Home library Current library Date acquired Total checkouts Full call number Barcode Date last seen Price effective from Koha item type
    Library of Congress Classification     Murang'a University of Technology Library Murang'a University of Technology Library 14/03/2017   BJ1012 .V45 2004 006974 30/08/2024 14/03/2017 Books